| 000 | 00829nam a2200241 i 4500 | ||
|---|---|---|---|
| 003 | IT-RoINE | ||
| 005 | 20201119133947.0 | ||
| 008 | 960930s1992 xxu| r ||| |beng d | ||
| 020 | _a0871698629 | ||
| 040 |
_aSpMaBN _bspa _cIT-RoINE _erdc |
||
| 100 | 1 |
_aMonfasani, John, _d1943- _96756 |
|
| 245 | 1 | 0 |
_aFernando of Cordova : _ba biographical and intellectual profile / _cJohn Monfasani. |
| 260 |
_aPhiladelphia : _bThe American Philosophical Society, _c1992. |
||
| 300 |
_a116 p. ; _c26 cm. |
||
| 336 |
_2rdacontent _atext |
||
| 337 |
_2rdamedia _aunmediated |
||
| 338 |
_2rdacarrier _avolume |
||
| 490 | 0 |
_aTransactions of the American Philosophical Society. _aParte 6 ; _v82 |
|
| 500 | _aIncluye índices | ||
| 504 | _aBiografía: p. 101-[110] | ||
| 600 | 1 | 4 |
_aCórdoba, Fernando de, _d1422-1486 _xBiografía _96757 |
| 942 | _cMTS | ||
| 999 |
_c3358 _d3358 |
||